[Event "Thrissur op (Women)"]
[Site "Thrissur"]
[Date "2013.07.26"]
[Round "1"]
[White "Michelle, Catherina P"]
[Black "Meghna, Upadhyay"]
[Result "1-0"]
[WhiteElo "2134"]
[BlackElo "1607"]
[PlyCount "77"]
[EventDate "2013.07.26"]
[EventType "swiss"]
[EventRounds "11"]
[EventCountry "IND"]
[SourceTitle "EXT 2014"]
[Source "ChessBase"]
[SourceDate "2013.11.20"]
[SourceVersion "1"]
[SourceVersionDate "2013.11.20"]
[SourceQuality "1"]

1. e4 c5 2. Nf3 d6 3. d4 cxd4 4. Nxd4 Nf6 5. Nc3 a6 6. Be3 e5 7. Nb3 Be6 8. f3 Be7 9. Qd2 0-0 10. 0-0-0 b5 11. g4 b4 12. Nd5 Bxd5 13. exd5 a5 14. Kb1 Nbd7 15. g5 Nh5 16. Rg1 Qc7 17. h4 Rfc8 18. Bh3 g6 19. Bg4 Ng7 20. Rh1 Qb7 21. Nc1 Rc4 22. h5 Nf8 23. Qd3 Rc7 24. hxg6 fxg6 25. f4 exf4 26. Bxf4 a4 27. Rh2 Ra5 28. Re2 a3 29. b3 Qb5 30. Qxb5 Rxb5 31. Rde1 Rbb7 32. Bd2 Bd8 33. Nd3 Rb5 34. Nxb4 Rcb7 35. Nc6 Bc7 36. c4 Rc5 37. Re7 Rxc4 38. Rxc7 Rxg4 39. Rxb7 1-0

[Event "IND-chB (Women) 38th"]
[Site "Chennai"]
[Date "2011.07.05"]
[Round "6"]
[White "Minki, Sinha"]
[Black "Meghna, Upadhyay"]
[Result "0-1"]
[WhiteElo "1851"]
[BlackElo "1576"]
[PlyCount "64"]
[EventDate "2011.07.02"]
[EventType "swiss"]
[EventRounds "11"]
[EventCountry "IND"]
[SourceTitle "CBM 143 Extra"]
[Source "ChessBase"]
[SourceDate "2011.08.29"]
[SourceVersion "1"]
[SourceVersionDate "2011.08.29"]
[SourceQuality "1"]

1. e4 c5 2. Nf3 d6 3. d4 cxd4 4. Nxd4 Nf6 5. Nc3 a6 6. Be2 e5 7. Nb3 Be7 8. 0-0 0-0 9. Be3 Be6 10. f3 Qc7 11. Kh1 Nbd7 12. Qd2 Rac8 13. f4 Nb6 14. fxe5 dxe5 15. Bg5 Rfd8 16. Qe1 h6 17. Be3 Nc4 18. Bxc4 Qxc4 19. Qg3 Nxe4 20. Nxe4 Qxe4 21. Bxh6 Qg4 22. Rf3 gxh6 23. Qxe5 Bd6 24. Qe3 Qg5 25. Qf2 Kh8 26. c3 Rg8 27. Nd4 Bd5 28. h4 Qg4 29. Nf5 Bxf3 30. Nxh6 Qh3+ 31. Kg1 Rxg2+ 32. Kf1 Qh1+ 0-1